Enfermedades de las abejas (Record no. 37921)

MARC details
000 -LEADER
campo de control de longitud fija 00679nam a2200205 i 4500
001 - NÚMERO DE CONTROL
campo de control 37921
003 - IDENTIFICADOR DE NÚMERO DE CONTROL
campo de control ES-MaACL
005 - FECHA Y HORA DE LA ÚLTIMA TRANSACCIÓN
campo de control 20230906155651.0
007 - CAMPO FIJO DE DESCRIPCIÓN FÍSICA--INFORMACIÓN GENERAL
campo de control de longitud fija t|
008 - DATOS DE LONGITUD FIJA--INFORMACIÓN GENERAL
campo de control de longitud fija 030224s1929 sp ||||1| spa d
100 1# - ENTRADA PRINCIPAL--NOMBRE DE PERSONA
Nombre de persona Caillas, Alin.
9 (RLIN) 33458
245 10 - MENCIÓN DEL TÍTULO
Título Enfermedades de las abejas
Resto del título : como reconocerlas, como curarlas /
Mención de responsabilidad, etc. por Alin Caillas ; traducción del original francés inédito por José Chocomeli.
260 ## - PUBLICACIÓN, DISTRIBUCIÓN, ETC.
Lugar de publicación, distribución, etc. Barcelona :
Nombre del editor, distribuidor, etc. Salvat,
Fecha de publicación, distribución, etc. 1929.
300 ## - DESCRIPCIÓN FÍSICA
Extensión 106 p. :
Otras características físicas il. ;
Dimensiones 21 cm.
490 1# - MENCIÓN DE SERIE
Mención de serie Biblioteca agrícola Salvat
700 1# - ENTRADA AGREGADA--NOMBRE PERSONAL
Nombre de persona Chocomeli, José.
9 (RLIN) 38583
830 0# - PUNTO DE ACCESO ADICIONAL DE SERIE-TÍTULO UNIFORME
Título uniforme Biblioteca agrícola Salvat
9 (RLIN) 181672
852 ## - LOCALIZACIÓN
Ubicación ES-MaACL
Número de control de estantería A-1115
Holdings
Estatus retirado Estado de pérdida Estado de daño No para préstamo Biblioteca de origen Biblioteca actual Ubicación en estantería Fecha de adquisición Fuente de adquisición Total de préstamos Signatura topográfica completa Código de barras Visto por última vez Precio de reemplazo Tipo de ítem Koha
        Biblioteca del Ateneo de Madrid Biblioteca del Ateneo de Madrid Sala Pecera Planta 1 17/01/2008     A-1115 1039926 23/02/2023 23/02/2023 Libro impreso